000 00545nam a2200205Ia 4500
005 20260429112050.0
008 260429s9999||||xx |||||||||||||| ||und||
020 _a9781836595953
041 _aEnglish
082 _a612.76
_bGAR
100 _aGarcia, Ernest
245 0 _aKinesiology and physical education /
_cErnest Garcia
250 _a1st ed.
260 _aLondon :
_bETP ED- Tech Press,
_c2025.
300 _axiv, 272 p.; hb
650 _a Human movement
650 _a Physical education
650 _aKinesiology
942 _cTB
999 _c52169
_d52169